Neighbours characters Quiz Stats

Quiz not verified by Sporcle

Challenge
Share
Tweet
Embed
Score 0/19 Timer 05:00
0 Plays Today
% Correct
Karl Kennedy
82.7%
Paul Robinson
78.1%
Libby Kennedy
66.5%
Lou Carpenter
60.4%
Steph Scully
59.2%
Declan Napier
54.6%
Lyn Scully
49.2%
Susan Kinski
49.2%
Zeke Kinski
48.8%
Rebecca Napier
47.7%
% Correct
Ringo Brown
47.7%
Lucas Fitzgerald
45%
Kate Ramsay
40.4%
Donna Freedman
39.2%
Sophie Ramsay
36.9%
Harry Ramsay
33.8%
Callum Jones
29.6%
Ben Kirk
25.8%
Toadie Rebecchi
24.2%

You're not logged in!

Compare scores with friends on all Sporcle quizzes.
Sign Up with Email
OR
Log In

You Might Also Like...

Show Comments

Extras

Top Quizzes Today


Score Distribution

Your Account Isn't Verified!

In order to create a playlist on Sporcle, you need to verify the email address you used during registration. Go to your Sporcle Settings to finish the process.